Sports Quiz

Random Sports or NFL Quiz

NFL First Round (2014) Quiz Stats

Quiz not verified by Sporcle

Challenge
Share
Tweet
Embed
Score 0/32 Timer 05:00
0 Plays Today
Team Player % Correct
TexansJadeveon Clowney
90.6%
JaguarsBlake Bortles
86.7%
BillsSammy Watkins
84.3%
BrownsJohnny Manziel
83.9%
VikingsTeddy Bridgewater
82.4%
RamsGreg Robinson
77.9%
RaidersKhalil Mack
77.1%
BuccaneersMike Evans
72.4%
FalconsJake Matthews
69.7%
BrownsJustin Gilbert
64.2%
LionsEric Ebron
63.1%
PackersHa Ha Clinton-Dix
61.3%
GiantsOdell Beckham Jr.
57.8%
VikingsAnthony Barr
54.3%
CowboysZack Martin
51.9%
TitansTaylor Lewan
51.6%
Team Player % Correct
RavensC.J. Mosley
51.3%
RamsAaron Donald
51.1%
SaintsBrandin Cooks
49.2%
JetsCalvin Pryor
48.7%
SteelersRyan Shazier
48.4%
PanthersKelvin Benjamin
46.6%
BengalsDarqueze Dennard
43.5%
EaglesMarcus Smith
42.1%
BearsKyle Fuller
40.7%
BroncosBradley Roby
36.9%
49ersJimmie Ward
35.3%
DolphinsJa'waun James
31.3%
PatriotsDominique Easley
31.3%
ChiefsDee Ford
31.1%
ChargersJason Verrett
31%
CardinalsDeone Bucannon
19.2%

You're not logged in!

Compare scores with friends on all Sporcle quizzes.
Sign Up with Email
OR
Log In

You Might Also Like...

Show Comments

Extras

Curator's Pick May 10, 2014ReportNominate
Tags:NFL Quiz, 2014, player, round, team

Top Quizzes Today


Score Distribution

Your Account Isn't Verified!

In order to create a playlist on Sporcle, you need to verify the email address you used during registration. Go to your Sporcle Settings to finish the process.